[Event "AUT-ch"]
[Site "St Johann im Pongau"]
[Date "2016.07.30"]
[Round "8"]
[White "Fuchs, Georg"]
[Black "Breneis, Lukas"]
[Result "0-1"]
[WhiteElo "2221"]
[BlackElo "2121"]
[PlyCount "66"]
[EventDate "2016.07.23"]
[EventType "swiss"]
[EventRounds "9"]
[EventCountry "AUT"]
[SourceTitle "CBM 173 Extra"]
[Source "ChessBase"]
[SourceDate "2016.08.29"]
[SourceVersion "1"]
[SourceVersionDate "2016.08.29"]
[SourceQuality "1"]

1. e4 c5 2. Nf3 e6 3. b3 b6 4. Bd3 Bb7 5. 0-0 Nc6 6. Re1 d6 7. Bb2 Nf6 8. a4 Be7 9. Na3 0-0 10. c3 d5 11. e5 Ne4 12. Qc2 Na5 13. Rad1 f5 14. exf6 Bxf6 15. b4 Bh4 16. Bxe4 dxe4 17. Rxe4 Rxf3 18. gxf3 Qf6 19. Qd3 Qg6+ 20. Kh1 Bxf2 21. bxa5 Rf8 22. a6 Bc6 23. Re3 Bxe3 24. Qxg6 hxg6 25. dxe3 Bxf3+ 26. Kg1 Bxd1 27. Nb5 Bxa4 28. Nc7 Kf7 29. c4 Rd8 30. Be5 Bc6 31. Kf2 Rd2+ 32. Kg3 Re2 33. Kf4 Rc2 0-1

[Event "AUT-ch"]
[Site "St Johann im Pongau"]
[Date "2016.07.29"]
[Round "7"]
[White "Matt, Fabian"]
[Black "Fuchs, Georg"]
[Result "1-0"]
[WhiteElo "2347"]
[BlackElo "2221"]
[PlyCount "23"]
[EventDate "2016.07.23"]
[EventType "swiss"]
[EventRounds "9"]
[EventCountry "AUT"]
[SourceTitle "CBM 173 Extra"]
[Source "ChessBase"]
[SourceDate "2016.08.29"]
[SourceVersion "1"]
[SourceVersionDate "2016.08.29"]
[SourceQuality "1"]

1. e4 e5 2. Nf3 Nc6 3. Bb5 a6 4. Ba4 Nf6 5. 0-0 Nxe4 6. d4 d5 7. Nxe5 Bd7 8. Nxf7 Kxf7 9. Qh5+ Ke6 10. Nc3 Nxc3 11. Re1+ Ne4 12. Rxe4+ 1-0

[Event "AUT-ch"]
[Site "St Johann im Pongau"]
[Date "2016.07.28"]
[Round "6"]
[White "Fuchs, Georg"]
[Black "Frank, Emanuel"]
[Result "1-0"]
[WhiteElo "2221"]
[BlackElo "2177"]
[PlyCount "89"]
[EventDate "2016.07.23"]
[EventType "swiss"]
[EventRounds "9"]
[EventCountry "AUT"]
[SourceTitle "CBM 173 Extra"]
[Source "ChessBase"]
[SourceDate "2016.08.29"]
[SourceVersion "1"]
[SourceVersionDate "2016.08.29"]
[SourceQuality "1"]

1. e4 e5 2. Nc3 Nc6 3. f4 Bc5 4. Nf3 d6 5. Na4 a6 6. Nxc5 dxc5 7. Bc4 Bg4 8. d3 Nd4 9. Bxf7+ Ke7 10. Bxg8 Rxg8 11. c3 Nxf3+ 12. gxf3 Bh5 13. fxe5 Ke8 14. 0-0 Rf8 15. Be3 Qe7 16. Qb3 b6 17. e6 Qd6 18. Qd5 Qxd5 19. exd5 Bxf3 20. c4 Be2 21. Rxf8+ Kxf8 22. Bf4 Rc8 23. Re1 Bxd3 24. Bxc7 Rxc7 25. d6 Ra7 26. d7 Ke7 27. Rd1 Ra8 28. Rxd3 Rd8 29. Re3 Rf8 30. Kg2 Rf6 31. Rd3 Rf8 32. Kg3 Rd8 33. Re3 Rf8 34. Kg4 Rf6 35. Re5 Rf8 36. Rd5 g6 37. Kg5 Rd8 38. Re5 Rf8 39. Kh6 Rh8 40. h4 Rf8 41. Kxh7 Rf5 42. Rxf5 gxf5 43. Kg6 f4 44. d8Q+ Kxd8 45. Kf7 1-0